Godzilla Monsters - Statistics

General Stats
  • This quiz has been taken 26 times
  • The average score is 178 of 459
Answer Stats
Year Monster % Correct
1998 Baby Godzilla (1998)
100%
1993 Baby Godzilla (Heisei)
100%
1995 Burning Godzilla
100%
2020 Chibi Godzilla
100%
1999 Cyber Godzilla
100%
1997 Fake Godzilla (Godzilla Island)
100%
1974 Fake Godzilla (Showa)
100%
1998 Godzilla (1998)
100%
1999 Godzilla (2000)
100%
2021 Godzilla Amphibia
100%
2021 Godzilla Aquatilis
100%
2023 Godzilla (Chibi Godzilla Raids Again)
100%
2017 Godzilla Earth
100%
2024 Godzilla (Evolved)
100%
2017 Godzilla Filius
100%
2004 Godzilla (Final Wars)
100%
1954 Godzilla (First Generation)
100%
2001 Godzilla (GMK)
100%
1997 Godzilla (Godzilla Island)
100%
1992 Godzilla (Godzilland)
100%
1998 Godzilla (G:TS)
100%
1978 Godzilla (Hanna-Barbera)
100%
1984 Godzilla (Heisei)
100%
2002 Godzilla (Kiryu Duology)
100%
2023 Godzilla (Minus One Initial Form)
100%
2023 Godzilla (Minus One Irradiated Form)
100%
2014 Godzilla (Monsterverse)
100%
1955 Godzilla (Second Generation)
100%
2021 Godzilla Terrestris
100%
2021 Godzilla Ultima
100%
2000 Godzilla (vs. Megaguirus)
100%
1994 Little Godzilla
100%
2016 Shin Godzilla (First Form)
100%
2016 Shin Godzilla (Fourth Form)
100%
2016 Shin Godzilla (Second Form)
100%
2016 Shin Godzilla (Third Form)
100%
1962 King Kong (First Generation)
96%
1967 King Kong (Second Generation)
96%
2021 Kong (Monsterverse)
96%
1961 Mothra (First Generation Larva)
96%
2001 Mothra (GMK Larva)
96%
1992 Mothra (Godzilland Larva)
96%
1992 Mothra (Heisei Larva)
96%
2003 Mothra (Kiryu Duology Larva)
96%
1996 Mothra Leo (Larva)
96%
2019 Mothra (Monsterverse Larva)
96%
1964 Mothra (Second Generation Larva)
96%
2021 Mothra (SP)
96%
1997 Aqua Mothra
91%
1998 Armor Mothra
91%
1997 Baby Mothra
91%
1998 Black Mechagodzilla
91%
2023 Chibi Mechagodzilla
91%
2020 Chibi Mothra
91%
1998 Eternal Mothra
91%
1994 Fairy Mothra (Heisei)
91%
1996 Fairy Mothra (RoM)
91%
2002 Kiryu
91%
1998 Lightspeed Mothra
91%
1997 Little Mothra
91%
2017 Mechagodzilla (AT)
91%
2018 Mechagodzilla City
91%
1997 Mechagodzilla (Godzilla Island)
91%
1992 Mechagodzilla (Godzilland)
91%
1993 Mechagodzilla (Heisei)
91%
1975 Mechagodzilla II
91%
2021 Mechagodzilla (Monsterverse)
91%
1974 Mechagodzilla (Showa)
91%
1997 Mother Mothra
91%
2018 Mothra (AT)
91%
2004 Mothra (Final Wars)
91%
1964 Mothra (First Generation Imago)
91%
2001 Mothra (GMK Imago)
91%
1992 Mothra (Godzilland Imago)
91%
1992 Mothra (Heisei Imago)
91%
2003 Mothra (Kiryu Duology Imago)
91%
1997 Mothra Leo (Godzilla Island)
91%
1996 Mothra Leo (Imago)
91%
2019 Mothra (Monsterverse Imago)
91%
1996 Mothra (RoM)
91%
1966 Mothra (Second Generation Imago)
91%
1968 Mothra (Third Generation)
91%
1998 Primitive Mothra
91%
1997 Rainbow Mothra
91%
2021 Robogodzilla
91%
1993 Supermechagodzilla
91%
2020 Chibi Ghidorah
83%
1998 Cretaceous King Ghidorah
83%
1998 Grand King Ghidorah
83%
1998 Hyper Mecha-King Ghidorah
83%
1997 King Ghidorah (Godzilla Island)
83%
1992 King Ghidorah (Godzilland)
83%
1991 King Ghidorah (Heisei)
83%
2001 King Ghidorah (Millennium)
83%
2019 King Ghidorah (Monsterverse)
83%
1964 King Ghidorah (Showa)
83%
1997 Mecha-King Ghidorah (Godzilla Island)
83%
1992 Mecha-King Ghidorah (Godzilland)
83%
1991 Mecha-King Ghidorah (Heisei)
83%
2018 Void Ghidorah
83%
2021 Anguirus (SP)
78%
2021 Black Rodan
74%
2020 Chibi Rodan
74%
1997 Fire Rodan (Godzilla Island)
74%
1993 Fire Rodan (Heisei)
74%
2021 Kumonga (SP)
74%
2017 Rodan (AT)
74%
1956 Rodan (Baby)
74%
2021 Rodan (First Form)
74%
1956 Rodan (First Generation)
74%
1997 Rodan (Godzilla Island)
74%
1992 Rodan (Godzilland)
74%
1993 Rodan (Heisei)
74%
2004 Rodan (Millennium)
74%
2019 Rodan (Monsterverse)
74%
2021 Rodan (Second Form)
74%
1964 Rodan (Second Generation)
74%
2017 Anguirus (AT)
70%
1955 Anguirus (First Generation)
70%
1997 Anguirus (Godzilla Island)
70%
1992 Anguirus (Godzilland)
70%
2004 Anguirus (Millennium)
70%
1968 Anguirus (Second Generation)
70%
2023 Chibi Anguirus
70%
1972 Gigan (Showa)
70%
2024 Chibi Gigan
65%
1997 Gigan (Godzilla Island)
65%
1992 Gigan (Godzilland)
65%
2004 Gigan (Millennium)
65%
2021 Jet Jaguar (SP)
65%
2021 Manda (SP)
65%
2004 Modified Gigan
65%
2000 Fire Monster
61%
1999 Giant Gila Monster
61%
1978 Magnetic Monster
61%
1978 Megavolt Monster
61%
1978 Seaweed Monster
61%
1965 Baragon (First Generation)
57%
1997 Baragon (Godzilla Island)
57%
1992 Baragon (Godzilland)
57%
2001 Baragon (Millennium)
57%
1968 Baragon (Second Generation)
57%
1969 Bat Men
57%
2014 Female MUTO
57%
1999 Giant Bat
57%
2004 Hedorah (Millennium)
57%
1974 King Caesar (Showa)
57%
2014 Male MUTO
57%
1967 Mechani-Kong
57%
2021 Meganulon (SP)
57%
2019 Queen MUTO
57%
1994 SpaceGodzilla (Combat Form)
57%
1994 SpaceGodzilla (Flying Form)
57%
1997 SpaceGodzilla (Godzilla Island)
57%
1998 Super Special SpaceGodzilla High Grade Type 2
57%
2023 Chibi Hedorah
52%
1971 Hedorah (Aquatic Stage)
52%
1971 Hedorah (Flying Stage)
52%
1997 Hedorah (Godzilla Island)
52%
1971 Hedorah (Initial Stage)
52%
1971 Hedorah (Landing Stage)
52%
1971 Hedorah (Perfect Stage)
52%
1973 Jet Jaguar (Showa)
52%
2004 King Caesar (Millennium)
52%
2004 Kumonga (Millennium)
52%
1973 Megalon (Showa)
52%
1998 Neo-Hedorah
52%
2026 Titan X
52%
1992 Battra (Larva)
48%
1989 Biollante (Flower Beast)
48%
1989 Biollante (Plant Beast)
48%
2023 Chibi Biollante
48%
1995 Destoroyah (Aggregate Form)
48%
1995 Destoroyah (Crawl Form)
48%
1995 Destoroyah (Flying Form)
48%
1997 Destoroyah (Godzilla Island)
48%
1995 Destoroyah (Juvenile Form)
48%
1995 Destoroyah (Micro Form)
48%
1995 Destoroyah (Perfect Form)
48%
1998 Fire Fighter Jet Jaguar
48%
2004 Keizer Ghidorah
48%
1997 King Caesar (Godzilla Island)
48%
2004 Manda (Millennium)
48%
1998 Medical Jet Jaguar
48%
2000 Megaguirus
48%
2017 Orga (AT)
48%
1999 Orga Phase I
48%
1999 Orga Phase II
48%
2019 Behemoth
43%
2025 Chibi JJ
43%
1966 Ebirah (Showa)
43%
1995 Godzilla Jr. (Heisei)
43%
1967 Gorosaurus (First Generation)
43%
1997 Gorosaurus (Godzilla Island)
43%
1968 Gorosaurus (Second Generation)
43%
1997 Jet Jaguar (Godzilla Island)
43%
1967 Kamacuras (Showa)
43%
1967 Kumonga (First Generation)
43%
1968 Kumonga (Second Generation)
43%
1963 Manda (First Generation)
43%
1968 Manda (Second Generation)
43%
1967 Minilla (Showa)
43%
1957 Moguera (Showa)
43%
2019 Scylla
43%
2004 Zilla
43%
1997 Battra (Godzilla Island)
39%
1992 Battra (Imago)
39%
2026 Chibi Battra
39%
2024 Chibi Minilla
39%
2024 Chibi Titano
39%
2004 Ebirah (Millennium)
39%
2004 Kamacuras (Millennium)
39%
1997 Megalon (Godzilla Island)
39%
2004 Minilla (Millennium)
39%
1958 Varan (First Generation)
39%
1968 Varan (Second Generation)
39%
1962 Giant Octopus (Showa)
35%
2004 Monster X
35%
2024 Shimo
35%
1975 Titanosaurus
35%
2021 Warbat
35%
2024 Chibi Gabara
30%
1969 Gabara
30%
1962 Giant Lizard (Showa)
30%
1969 Giant Rats (Showa)
30%
2017 Kamacuras (AT)
30%
1998 Kamacuras (Godzilla Island)
30%
1956 Meganulon (Showa)
30%
1994 M.O.G.U.E.R.A.
30%
1997 Moguera (Godzilla Island)
30%
1992 Moguera (Godzilland)
30%
1998 Proto-Moguera
30%
2024 Skar King
30%
2021 Skullcrawler
30%
2017 Skull Devil
30%
1994 Yamata no Orochi (Heisei)
30%
1964 Dogora (Showa)
26%
1979 Giant Octopus (Hanna-Barbera)
26%
1997 Godzilla Jr. (Godzilla Island)
26%
1970 Kamoebas (Showa)
26%
2000 Meganulon (Millennium)
26%
2024 Wart Dog
26%
1959 Yamata no Orochi (Showa)
26%
1991 Dorat
22%
2021 Doug (Foetodon)
22%
1970 Gezora
22%
1966 Giant Condor
22%
1969 Giant Eagle
22%
2000 Giant Rat (G:TS)
22%
2003 Kamoebas (Millennium)
22%
2019 Methuselah
22%
1998 Mutant Rat
22%
2024 Suko
22%
2019 Tiamat
22%
1999 Ts-eh-Go
22%
2017 Dogora (AT)
17%
1998 Dogora (Godzilla Island)
17%
2000 Giant Lizard (G:TS)
17%
1979 Giant Sea Turtle
17%
1991 Godzillasaurus
17%
2023 Ion Dragon
17%
1999 Baby Nessie
13%
1972 Daigoro‘s Mother
13%
1996 Desghidorah (Final Form)
13%
1996 Desghidorah (Land Form)
13%
1965 Frankenstein
13%
1978 Godzooky
13%
1979 Godzooky Clone
13%
2019 Leviathan
13%
1969 Maneater
13%
2000 Meganula
13%
1999 Millennian
13%
2017 Mire Squid
13%
1964 Mysterious Bones
13%
1999 Nessie
13%
1993 Pteranodon Robot
13%
1998 Quetzalcoatl Chick
13%
1998 Quetzalcoatl (G:TS)
13%
2019 Quetzalcoatl (Monsterverse)
13%
2021 Salunga
13%
2017 Servum (Flying Type)
13%
2017 Servum (Worm Type)
13%
1984 Shockirus
13%
2019 Yamato no Orochi (Monsterverse)
13%
2019 Abaddon
9%
2019 Baphomet
9%
1997 Barem
9%
2019 Bunyip
9%
1999 Chameleon
9%
2017 Dagahra (AT)
9%
1997 Dagahra (RoM)
9%
1966 Gaira
9%
1970 Ganimes
9%
1996 Garugaru
9%
1997 Ghogo
9%
1979 Giant Dolphinfish
9%
1979 Giant Fish
9%
1979 Giant Goldfish
9%
1979 Giant Needlefish
9%
1979 Giant Swordfish
9%
1979 Giant Tuna
9%
1999 Giant Turtle
9%
1996 Gojirin
9%
2024 Great Ape
9%
2021 Hanenga
9%
1999 Komodithrax
9%
1962 Maguma
9%
2019 Mokele-Mbembe
9%
2017 Mother Longlegs
9%
1966 Sanda
9%
2017 Sker Buffalo
9%
1955 Snowman's Child
9%
2019 Typhon
9%
2021 Zenbunga
9%
2019 Amhuluk
4%
1979 Axor
4%
1999 Baby D.R.A.G.M.A.
4%
2024 Boots
4%
2024 Brambleboar
4%
1998 Crustaceous Rex
4%
1978 Cyclops Creature
4%
1972 Daigoro
4%
1999 D.R.A.G.M.A.
4%
2024 Drownviper
4%
1998 El Gusano Gigante
4%
2023 Endopede
4%
2023 Endoswarmer
4%
2023 Frost Vark
4%
1979 Giant Crab
4%
1979 Giant Electric Eel
4%
1979 Giant Manta Ray
4%
1967 Giant Sea Serpent
4%
1979 Giant Shark
4%
1979 Giant Squid
4%
2024 Gnarled Finger
4%
1972 Goliath
4%
1979 Gravity Goliath
4%
1969 Griffon
4%
2021 Hellhawk
4%
2024 Hollow Earth Mosquito
4%
1994 Kaishin Muba
4%
2021 Kamanga
4%
2021 Leafwing
4%
1979 Magma Lizard
4%
2023 Mantleclaw
4%
1963 Matango
4%
2002 Mecha-Trilobite
4%
1998 Mutant Giant Squid
4%
1998 Nanotech Creature
4%
1999 Nightmare Scorpion People
4%
2024 One-Eye
4%
2024 Parrot Frog
4%
1979 Power Dragon
4%
1999 Robo-Yeti
4%
2021 Rockclaw
4%
2026 Scarab
4%
2019 Sekhmet
4%
2000 Silver Hydra
4%
1999 Skeetera
4%
2017 Skull Island Cattle
4%
2017 Skull Island Deer
4%
1955 Snowman
4%
2017 Spore Mantis
4%
1978 Stone Creature
4%
1999 Techno-Sentient
4%
1978 Time Dragon
4%
2024 Vertacine
4%
2026 Vinestrangler
4%
1999 Y2K Bug
4%
1994 Amano Shiratori
0%
2000 Armillaria
0%
2024 Axis Mundi Butterfly
0%
1999 Baby Ice Borer
0%
2000 Bacillus
0%
2023 Bigfoot
0%
1978 Breeder Beast
0%
1978 Carnivorous Plant
0%
2024 Catcher
0%
1978 Chimera
0%
1978 Colossus
0%
1998 Crackler
0%
1998 Cryptocledius
0%
1998 Cyber Fly
0%
1979 Cyborg Whale
0%
2010 Deep-Dweller
0%
1978 Diplodocus
0%
1999 DNA Mimic
0%
1998 Dororin
0%
1978 Eartheater
0%
1978 Energy Beast
0%
1978 Firebird
0%
2024 Fly Guy
0%
1979 Giant Ant
0%
1979 Giant Antlion
0%
2000 Giant Armadillo
0%
1979 Giant Bee
0%
1979 Giant Beetle
0%
1979 Giant Black Widow
0%
1999 Giant Centipede
0%
1979 Giant Dragonfly
0%
1979 Giant Fly
0%
1979 Giant Jellyfish
0%
1998 Giant Mutant Bee
0%
2000 Giant Mutant Hummingbird
0%
1999 Giant Mutant Scorpions
0%
1999 Giant Mutant Termites
0%
1999 Giant Mutant Widow Spiders
0%
1979 Giant Seahorse
0%
1999 Giant Spider (G:TS)
0%
2019 Giant Spider (Monsterverse)
0%
1979 Giant Starfish
0%
1979 Giant Venus Flytrap
0%
1999 Giant Water Beetle
0%
1979 Golden Guardian
0%
1998 Gororin
0%
1978 Great Watchuka
0%
1989 Gunhed 507
0%
2024 Hollow Earth Grub
0%
1999 Ice Borer
0%
1999 Infant Spider
0%
1997 Jigora
0%
1978 Kaidora
0%
1999 King Cobra
0%
2024 Knob
0%
1994 Kumasogami
0%
2000 Lizard Slayers
0%
1999 Medusa
0%
1996 Megabyte
0%
2000 Megapede
0%
1978 Minaton
0%
1978 Minotaur
0%
1978 Morphea
0%
1999 Mutant Jellyfish
0%
2026 Needlewalker
0%
1999 Nightmare Mutant Scorpion
0%
1999 Norzzug
0%
2026 Psychovulture
0%
1998 Queen Bee
0%
1999 Queen Spider
0%
1999 Queen Termite
0%
1998 Reptilians
0%
1999 Rhinosaurus
0%
1998 Santa Marta Plant
0%
1999 Scorpio
0%
1999 Second Wave Scorpions
0%
1999 Shrewster
0%
2017 Skull Island Dragonfly
0%
1999 Soldier Termite
0%
2026 Stampede Caterpillar
0%
2024 Stone Fist
0%
2000 Sub-Zero Manta
0%
2010 Swamp Beast
0%
2000 Thorny Devil
0%
2024 Tree Mimic
0%
2017 Trikonicorn
0%
1994 Utsuno Ikusagami
0%
1961 Vampire Plant
0%
2026 Vinerat
0%
1999 Worker Termite
0%
No matching quizzes found
Score Distribution
Percent of People with Each Score
Percentile by Number Answered
Your Score History
You have not taken this quiz